The English galaxy of shorter poems /

Bibliographic Details
Main Author: Bullett, Gerald, 1893-1958
Format: Book
Language:English
Published: [London] : J.M. Dent & Sons ltd., [1947]
Series:Everyman's library, no. 959
Subjects:

MARC

Tag First Indicator Second Indicator Subfields
LEADER 00000cam a2200000 4500
001 in00000035964
005 20151007063556.0
008 800703s1947 enk 00010 eng d
035 |a (OCoLC)06482476 
035 |9 AAD7716AM 
040 |a TXA  |c TXA  |d UtOrBLW 
049 |a TXAM  |c [365205] 
090 |a PR1175  |b .B795 1947 
092 |a 821.08  |b B937e 
100 1 |a Bullett, Gerald,  |d 1893-1958. 
245 1 4 |a The English galaxy of shorter poems /  |c chosen and edited by Gerald Bullett. 
264 1 |a [London] :  |b J.M. Dent & Sons ltd.,  |c [1947] 
300 |a xv, 495 pages, 1 unnumbered page ;  |c 19 cm. 
336 |a text  |b txt  |2 rdacontent 
337 |a unmediated  |b n  |2 rdamedia 
338 |a volume  |b nc  |2 rdacarrier 
490 0 |a Everyman's library, no. 959 
650 0 |a English poetry. 
999 |a MARS 
999 f f |s 2c1c6a7c-e33b-3aac-8d7d-b5a570c140c8  |i f41d8642-f188-30b5-8008-c5d68319e9da  |t 0 
952 f f |p ric  |a Texas A&M University  |b Rellis Campus  |c Joint Library Facility  |d Remote Storage  |t 0  |e PR1175 .B795 1947  |h Library of Congress classification  |i unmediated -- volume  |m A14801290655 
998 f f |a PR1175 .B795 1947  |t 0  |l Remote Storage